[Event "IECG CD.2006.0.00114 email"]
[Site "IECG email"]
[Date "2006.10.15"]
[Round "?"]
[White "James, Michael"]
[Black "Rezny, Daniel"]
[Result "1-0"]
[WhiteElo "1544"]
[BlackElo "1500"]
[PlyCount "35"]
[EventDate "2006.10.15"]
[EventType "tourn (corr)"]
[EventRounds "6"]
[SourceTitle "Corr 2011"]
[Source "ChessBase"]
[SourceDate "2010.08.31"]
[SourceVersion "1"]
[SourceVersionDate "2010.08.31"]
[SourceQuality "1"]

1. e4 e5 2. Nf3 Nc6 3. Bb5 a6 4. Ba4 Nf6 5. 0-0 b5 6. Bb3 Bd6 7. d3 0-0 8. Nc3 Bb7 9. Bg5 h6 10. Bh4 Na5 11. d4 Nxb3 12. axb3 exd4 13. Qxd4 Be7 14. e5 Nh7 15. Bxe7 Qxe7 16. Nd5 Bxd5 17. Qxd5 Qe6 18. Qc5 1-0

[Event "IECC CL4-2006.09 email"]
[Site "IECC email"]
[Date "2006.08.23"]
[Round "?"]
[White "Rodrigues, Paulo Odonel"]
[Black "Rezny, Daniel"]
[Result "1-0"]
[WhiteElo "1655"]
[BlackElo "1600"]
[PlyCount "73"]
[EventDate "2006.??.??"]
[EventType "tourn (corr)"]
[EventRounds "4"]
[SourceTitle "Corr 2015"]
[Source "ChessBase"]
[SourceDate "2015.07.17"]
[SourceVersion "1"]
[SourceVersionDate "2015.07.17"]
[SourceQuality "1"]
[WhiteTeam "Brazil"]
[BlackTeam "Slovakia"]
[WhiteTeamCountry "BRA"]
[BlackTeamCountry "SVK"]

1. d4 Nf6 2. c4 e6 3. Nc3 Bb4 4. e3 Bxc3+ 5. bxc3 0-0 6. Bd3 d5 7. Nf3 Nc6 8. 0-0 b6 9. Ba3 Re8 10. Qa4 Bd7 11. Qc2 Na5 12. cxd5 exd5 13. Ne5 Rc8 14. Nxd7 Qxd7 15. Bf5 Qb5 16. Bxc8 Rxc8 17. Be7 c5 18. Bxf6 gxf6 19. Qf5 Qc6 20. e4 Qe6 21. Qxd5 Qxd5 22. exd5 cxd4 23. cxd4 Rd8 24. Rac1 Rxd5 25. Rfd1 Nb7 26. Rc7 Nc5 27. Rxa7 b5 28. Kf1 Na4 29. Rd3 Nb2 30. Rg3+ Kf8 31. Ra8+ Ke7 32. Re3+ Kd6 33. Ra6+ Kc7 34. Re7+ Kb8 35. Rxf6 Rxd4 36. Rfxf7 Rc4 37. Rxh7 1-0

[Event "SVK-ch op 13th corr"]
[Site "Slovakia"]
[Date "2005.??.??"]
[Round "?"]
[White "Rezny, Daniel"]
[Black "Recky, Norbert"]
[Result "0-1"]
[WhiteElo "1500"]
[BlackElo "1863"]
[PlyCount "62"]
[EventDate "2005.04.15"]
[EventType "tourn (corr)"]
[EventRounds "6"]
[EventCountry "SVK"]
[SourceTitle "Corr 2008"]
[Source "ChessBase"]
[SourceDate "2008.06.24"]
[SourceVersion "1"]
[SourceVersionDate "2008.06.24"]
[SourceQuality "1"]

1. d4 Nf6 2. c4 e6 3. a3 d5 4. Nc3 c6 5. Nf3 dxc4 6. e4 b5 7. Be2 a6 8. 0-0 Be7 9. Bg5 0-0 10. b3 cxb3 11. Qxb3 Nfd7 12. Bf4 c5 13. Qc2 cxd4 14. Nxd4 Bb7 15. Bf3 e5 16. Be3 exd4 17. Bxd4 Nc6 18. Be3 Nce5 19. Rfd1 Nxf3+ 20. gxf3 Qc7 21. Rac1 Bxa3 22. Nd5 Qxc2 23. Rxc2 Ne5 24. Kg2 f5 25. Ne7+ Bxe7 26. Rc7 Bxe4 27. fxe4 Rf7 28. exf5 Bf6 29. Rxf7 Kxf7 30. f4 Nc4 31. Rd7+ Ke8 0-1